"Jeopardy!" "Stupid Answers" Category Clues #10 - Statistics

General Stats
  • This quiz has been taken 131 times
  • The average score is 14 of 25
Answer Stats
Hint Answer % Correct
The website of Alcoholics Anonymous asks the media's help in keeping its members this anonymous
89%
The Villa Park Orchards Association is the last remaining packer of these in Orange California oranges
85%
Florence Nightingale was born in this Italian city in 1820 Florence
77%
If you split 12 eggs into 2 equal groups you'll have a total of this many eggs 12
72%
First name of Leif Eriksson's father Erik
70%
This character is the narrator of the classic Charlotte Bronte novel Jane Eyre Jane Eyre
69%
Her 2000 debut album was titled Who is Jill Scott? Jill Scott
69%
At the 2004 Olympics this event's course will run from Marathon to Athens marathon
69%
Kodiak Island is the habitat of this type of bear Ursus arctos middendorffi Kodiak bear
67%
Extra atoms of this element are pumped into unsaturated oil to make hydrogenated fat hydrogen
66%
The flag of this union of European countries has a circle of 12 gold stars on a field of blue European Union
63%
This scary movie spoof from 2000 was written by Shawn & Marlon Wayans & directed by brother Keenen Scary Movie
56%
Shortly after birth the placenta also called this is expelled from the uterus afterbirth
53%
This old-fashioned cocktail is made with bourbon bitters & sugar old fashioned
53%
This common loon is Minnesota's state bird common loon
52%
In Abbott & Costello's classic baseball bit it's who's on first Who
52%
(Sofia of the Clue Crew on a ski slope in Colorado) Even if it's autumn I don't think the green ever leaves the Lodgepole pine this type of tree evergreen
51%
What can you say about a 25-year-old girl? is the first line of this love story by Erich Segal Love Story
50%
This stone is so named because it was first made in the city of Strasbourg on the Rhine River rhinestone
48%
Indians who made arrows of branches broken from trees gave this Oklahoma city its name Broken Arrow
41%
Frankfurt is the main city on this German river Main River
34%
(Hi I'm Jeff Probst.) Parts of this 2000 Leonardo DiCaprio movie were filmed nearby on the beach of Thailand's Phi Phi Island The Beach
30%
The Dornford Yates mystery She Fell Among Thieves was the first presentation of this PBS series Mystery!
28%
Francis Pastorius a German lawyer founded this town that's now a part of Philadelphia Germantown
24%
Common name for the final chorus heard here in Handel's Messiah Amen chorus
2%
No matching quizzes found
Score Distribution
Percent of People with Each Score
Percentile by Number Answered
Your Score History
You have not taken this quiz